| 000 | 00000nam 2200000za 4500 |
| 001 | 9.843905 |
| 003 | CaOODSP |
| 005 | 20210625030525 |
| 007 | cr ||||||||||| |
| 008 | 170918s2017 qucd ou f000 0 eng d |
| 020 | |a9780660097671 |
| 040 | |aCaOODSP|beng |
| 043 | |an-cn--- |
| 086 | 1 |aEm15-3/11-2017E-PDF |
| 245 | 00|aConcrete finisher |h[electronic resource]. |
| 260 | |aGatineau, Que. : |bEmployment and Social Development Canada, |c2017. |
| 300 | |a99 p. : |bcol. chart. |
| 490 | 1 |aRed Seal occupational standard |
| 500 | |aIssued by: Trades and Apprenticeship Division. |
| 500 | |aIssued also in French under title: Finisseur/finisseuse de béton. |
| 500 | |a"Red Seal Program = Programme Sceau rouge." |
| 500 | |a"Interprovincial Standard Canada = Norme interprovinciale Canada." |
| 520 | |a"The Concrete Finisher Red Seal Occupational Standard is developed by Canadian trade representatives. It collects information about the trade as it is practiced across Canada. This Standard provides a complete description of all trade activities, skills and knowledge. The Standard defines the trade by collecting and organizing elements together"--Provided by publisher. |
| 692 | 07|2gccst|aOccupations |
| 692 | 07|2gccst|aJob description |
| 692 | 07|2gccst|aVocational training |
| 692 | 07|2gccst|aStandards |
| 710 | 1 |aCanada. |bEmployment and Social Development Canada. |
| 710 | 1 |aCanada. |bTrades and Apprenticeship Division. |
| 710 | 2 |aInterprovincial Standards Red Seal Program (Canada) |
| 775 | 08|tFinisseur/finisseuse de béton |w(CaOODSP)9.843916 |
| 830 | #0|aRed Seal occupational standard.|w(CaOODSP)9.822603 |
| 856 | 40|qPDF|s1.56 MB|uhttps://publications.gc.ca/collections/collection_2018/edsc-esdc/Em15-3-11-2017-eng.pdf |
| 986 | |aLM-503-09-17E |